The book of art (Record no. 128308)

MARC details
000 -LEADER
campo de control de longitud fija 00605nam a2200193 i 4500
001 - NÚMERO DE CONTROL
campo de control 128308
003 - IDENTIFICADOR DE NÚMERO DE CONTROL
campo de control ES-MaACL
005 - FECHA Y HORA DE LA ÚLTIMA TRANSACCIÓN
campo de control 20230906193229.0
007 - CAMPO FIJO DE DESCRIPCIÓN FÍSICA--INFORMACIÓN GENERAL
campo de control de longitud fija t|
008 - DATOS DE LONGITUD FIJA--INFORMACIÓN GENERAL
campo de control de longitud fija 070629s1965 xxu ||||1| eng d
080 ## - NÚMERO DE LA CLASIFICACIÓN DECIMAL UNIVERSAL
Número de la Clasificación Decimal Universal 7(450)
245 00 - MENCIÓN DEL TÍTULO
Título The book of art
Resto del título : a pictorial encyclopedia of painting, drawing, and sculpture.
260 ## - PUBLICACIÓN, DISTRIBUCIÓN, ETC.
Lugar de publicación, distribución, etc. New York :
Nombre del editor, distribuidor, etc. Grolier,
Fecha de publicación, distribución, etc. 1965.
300 ## - DESCRIPCIÓN FÍSICA
Extensión 415 p. :
Otras características físicas il. ;
Dimensiones 25 cm.
500 ## - NOTA GENERAL
Nota general Biblioteca Jacinto Martínez Lacalle.
505 8# - NOTA DE CONTENIDO CON FORMATO
Nota de contenido con formato Contiene: vol. 2: Italian art to 1850
650 04 - PUNTO DE ACCESO ADICIONAL DE MATERIA--TÉRMINO DE MATERIA
Término de materia o nombre geográfico como elemento de entrada Arte italiano-
Subdivisión de forma Historia.
9 (RLIN) 10233
852 ## - LOCALIZACIÓN
Ubicación ES-MaACL
Número de control de estantería E-11784
Sublocalización o colección R.139905
Holdings
Estatus retirado Estado de pérdida Estado de daño No para préstamo Biblioteca de origen Biblioteca actual Ubicación en estantería Fecha de adquisición Fuente de adquisición Total de préstamos Signatura topográfica completa Código de barras Visto por última vez Precio de reemplazo Tipo de ítem Koha
        Biblioteca del Ateneo de Madrid Biblioteca del Ateneo de Madrid Depósito 2 17/01/2008     E-11784 1133635 23/02/2023 23/02/2023 Libro impreso